000 00842cab a2200265 4500
001 ABS55328
008 090401t1996 xxu||||| |||| 00| 0 eng d
035 _a(Sirsi) u15792
041 _aeng
100 _aMaddocks, D
245 _aMaddock`s (Home Energy and Conservation) Act
260 _c1996
350 _a0
490 _aHousing and Planning Review
_v51(3) June/July 1996, 16-17(2)
520 _aThe author, who introduced the Home Energy and Conservation Act (HECA), describes the background to the Act and outlines its aims.
650 _aENERGY CONSERVATION
650 _aENERGY EFFICIENCY
650 _aENERGY LABELLING
650 _aFUEL SAVER SCHEME
650 _aHECA
650 _aHOME ENERGY CONSERVATION ACT 1995
690 _aENVIRONMENTAL AND LAND CONSULTANCY-ENERGY
942 _n0
948 _c04/03/1997
999 _c10389
_d10389